| 000 | 00826nam a22002057a 4500 | ||
|---|---|---|---|
| 005 | 20260423122047.0 | ||
| 008 | 231023b sa ||||| |||| 00| 0 eng d | ||
| 020 |
_a9780199116782 _qpbk |
||
| 040 |
_aRDA _c3228 |
||
| 041 | _2E | ||
| 082 | _aJ 910.922 PIPE | ||
| 100 | _aPipe, Jim | ||
| 245 |
_aGreat explorers: discover the world _cwritten by Jim Pipe |
||
| 260 |
_aNew york; _bOxford university press _c2008 |
||
| 300 |
_a128 pages. _bmaps; colour illistrations _c28 cm. |
||
| 500 | _aGreat explorers captures all the thrill of exploration; its fear, dangers and hardships, encounters with hostile landscapes and peoples and the excitement of discovery and progress. | ||
| 504 | _aincludes table of content and index | ||
| 700 |
_aPIPE, JIM _9149323 |
||
| 942 |
_2ddc _cBOOK _w923 _xItumeleng Itswene _y165 _zLerato Kwadi |
||
| 999 |
_c759136 _d759135 |
||